Catálogo
 En Linea

trabajar por la democracia : (Registro nro. 1521)

Detalles MARC
000 -CABECERA
campo de control de longitud fija 01523cam a2200361 i 4500
001 - NÚMERO DE CONTROL
campo de control 000001631
003 - IDENTIFICADOR DEL NÚMERO DE CONTROL
campo de control DO-SdBNP
005 - FECHA Y HORA DE LA ÚLTIMA TRANSACCIÓN
campo de control 20260316142756.0
007 - CAMPO FIJO DE DESCRIPCIÓN FÍSICA--INFORMACIÓN GENERAL
campo de control de longitud fija ta
008 - DATOS DE LONGITUD FIJA--INFORMACIÓN GENERAL
campo de control de longitud fija 850403s1987 mx ac b 001 0 spa
040 ## - FUENTE DE LA CATALOGACIÓN
Centro catalogador/agencia de origen DO-SdBNP
Lengua de catalogación spa
Centro/agencia transcriptor BNPHU
Normas de descripción rda
041 ## - CÓDIGO DE LENGUA
Código de lengua del texto/banda sonora o título independiente spa
082 #4 - NÚMERO DE LA CLASIFICACIÓN DECIMAL DEWEY
Número de clasificación 331.0973
Número de documento/Ítem T758
Número de edición 22
240 00 - TÍTULO UNIFORME
Título uniforme Working for democrac.
Lenguaje de la obra Español
245 00 - MENCIÓN DE TÍTULO
Título trabajar por la democracia :
Resto del título los trabajadores norteamericanos desde la revolución hasta el presente /
Mención de responsabilidad, etc. editado por, Paul Buhle y Alan Dawley ; prólogo, de Herbert G. Gutman ; traducción de, E. Moreno C.
264 #1 - PRODUCCIÓN, PUBLICACIÓN, DISTRIBUCIÓN, FABRICACIÓN Y COPYRIGHT
Producción, publicación, distribución, fabricación y copyright México :
Nombre del de productor, editor, distribuidor, fabricante Noema,
Fecha de producción, publicación, distribución, fabricación o copyright 1987.
300 ## - DESCRIPCIÓN FÍSICA
Extensión 174 páginas :
Otras características físicas ilustraciones, retratos ;
Dimensiones 21 cm.
336 ## - TIPO DE CONTENIDO
Término de tipo de contenido texto
Código de tipo de contenido txt
Fuente rdacontent
337 ## - TIPO DE MEDIO
Nombre/término del tipo de medio sin mediación
Código del tipo de medio n
Fuente rdamedia
338 ## - TIPO DE SOPORTE
Nombre/término del tipo de soporte volumen
Código del tipo de soporte nc
Fuente rdacarrier
500 ## - NOTA GENERAL
Nota general A la memoria de Bárbara Mayer Werthrimer, 1925-1983
504 ## - NOTA DE BIBLIOGRAFÍA, ETC.
Nota de bibliografía, etc. Bibliografía: páginas 170-172
534 ## - NOTA SOBRE LA VERSIÓN ORIGINAL
Encabezamiento principal del original Título original:
Mención de título del original Working for democrac.
650 ## - PUNTO DE ACCESO ADICIONAL DE MATERIA--TÉRMINO DE MATERIA
Término de materia o nombre geográfico como elemento de entrada Trabajo y trabajadores
Subdivisión geográfica Estados Unidos
Subdivisión general Ensayos, conferencias, etc.
9 (RLIN) 85401
650 ## - PUNTO DE ACCESO ADICIONAL DE MATERIA--TÉRMINO DE MATERIA
Término de materia o nombre geográfico como elemento de entrada Mercado de trabajo
Subdivisión geográfica Estados Unidos
Subdivisión de forma Ensayos, conferencias, etc.
9 (RLIN) 19058
650 ## - PUNTO DE ACCESO ADICIONAL DE MATERIA--TÉRMINO DE MATERIA
Término de materia o nombre geográfico como elemento de entrada Sindicatos
Subdivisión geográfica Estados Unidos
Subdivisión general Ensayos, conferencias, etc.
9 (RLIN) 31036
700 1# - PUNTO DE ACCESO ADICIONAL--NOMBRE DE PERSONA
Nombre de persona Buhle, Paul,
Fechas asociadas al nombre 1944-
Término indicativo de función/relación editor
Código de función/relación ed.
9 (RLIN) 5332
700 1# - PUNTO DE ACCESO ADICIONAL--NOMBRE DE PERSONA
Nombre de persona Dawley, Alan,
Fechas asociadas al nombre 1943-2008.
Término indicativo de función/relación editor
Código de función/relación ed.
9 (RLIN) 5333
700 1# - PUNTO DE ACCESO ADICIONAL--NOMBRE DE PERSONA
Nombre de persona Gutman, Herbert G.,
Término indicativo de función/relación prologuista
Código de función/relación pr.
9 (RLIN) 5334
700 1# - PUNTO DE ACCESO ADICIONAL--NOMBRE DE PERSONA
Nombre de persona Moreno C., E.,
Término indicativo de función/relación traductor
Código de función/relación tr.
9 (RLIN) 5335
910 ## - DATOS DE OPCIÓN DEL USUARIO (OCLC)
Datos de opción del usuario Catalogación por copia / LC
942 ## - ELEMENTOS DE PUNTO DE ACCESO ADICIONAL (KOHA)
Fuente del sistema de clasificación o colocación Dewey Decimal Classification
Tipo de ítem Koha Libro
Existencias
Estado de retiro Estado de pérdida Fuente del sistema de clasificación o colocación Restricciones de uso No para préstamo Código de colección Localización permanente Ubicación/localización actual Ubicación en estantería Fecha de adquisición Fuente de adquisición Total de préstamos Signatura topográfica completa Código de barras Fecha visto por última vez Precio válido a partir de Tipo de ítem Koha
    Dewey Decimal Classification Préstamo en sala   General Biblioteca Nacional Pedro Henríquez Ureña Biblioteca Nacional Pedro Henríquez Ureña Depósito 10.09.2009 002344   BNPHU GR 331.0973 T758 1631-10 25.06.2020 25.06.2020 Libro

Con tecnología Koha